000
00295nam a22001337a 4500
008
170131b xxu||||| |||| 00| 0 eng d
020
_a
9780323045520
041
_a
eng
080
_a
61
100
_a
3
101
_a
SHM
245
_a
2007 INTRAVENOUS MEDICATIONS
_c
GAHART, B.L
942
_2
udc
_c
BK
999
_c
4106
_d
4106